Kuasa-kuasa Polis Di Raja Malaysia / (Record no. 2122)

000 -LEADER
fixed length control field nam a22 7a 4500
005 - DATE AND TIME OF LATEST TRANSACTION
control field 20170515121020.0
008 - FIXED-LENGTH DATA ELEMENTS--GENERAL INFORMATION
fixed length control field 170515b1992 M ||||| |||| 00| 0 m d
040 ## - CATALOGING SOURCE
Original cataloging agency AKMAL
082 ## - DEWEY DECIMAL CLASSIFICATION NUMBER
Classification number 363.2309595 KUA
090 ## - LOCALLY ASSIGNED LC-TYPE CALL NUMBER (OCLC); LOCAL CALL NUMBER (RLIN)
Classification number (OCLC) (R) ; Classification number, CALL (RLIN) (NR) 363.2309595
Local cutter number (OCLC) ; Book number/undivided call number, CALL (RLIN) KUA
245 00 - TITLE STATEMENT
Title Kuasa-kuasa Polis Di Raja Malaysia /
Remainder of title disusun oleh Lembaga Penyelidikan Undang-Undang.
260 ## - PUBLICATION, DISTRIBUTION, ETC.
Place of publication, distribution, etc. Kuala Lumpur :
Name of publisher, distributor, etc. International Law Book Services : Pengedar tunggal, Golden Books Centre,
Date of publication, distribution, etc. 1992
300 ## - PHYSICAL DESCRIPTION
Extent viii, 714 p. :
Other physical details col. ill. ;
Dimensions 15cm
500 ## - GENERAL NOTE
General note In Malay.
520 ## - SUMMARY, ETC.
Summary, etc. Powers of the Royal Malaysian Police.
650 #0 - SUBJECT ADDED ENTRY--TOPICAL TERM
Topical term or geographic name entry element Criminal procedure
Geographic subdivision Malaysia
9 (RLIN) 3883
650 #0 - SUBJECT ADDED ENTRY--TOPICAL TERM
Topical term or geographic name entry element Criminal law
Geographic subdivision Malaysia
9 (RLIN) 3716
650 #0 - SUBJECT ADDED ENTRY--TOPICAL TERM
Topical term or geographic name entry element Police
Form subdivision Handbooks, manuals, etc.
Geographic subdivision Malaysia
9 (RLIN) 4411
710 2# - ADDED ENTRY--CORPORATE NAME
Corporate name or jurisdiction name as entry element International Law Book Services.
Subordinate unit Legal Research Board.
9 (RLIN) 4412
942 ## - ADDED ENTRY ELEMENTS (KOHA)
Source of classification or shelving scheme
Koha item type Book
Holdings
Withdrawn status Lost status Source of classification or shelving scheme Damaged status Not for loan Collection code Home library Current library Shelving location Date acquired Inventory number Total Checkouts Full call number Barcode Date last seen Price effective from Koha item type
          NON-FICTION AKMAL Melaka AKMAL Melaka PINJAMAN 15.05.2017 303265   363.2309595 KUA 201706260 15.05.2017 15.05.2017 Book
Pusat Sumber Maklumat Dato' Haji Sarmin Md Hussin, Akademi Kastam Diraja Malaysia, Melaka
Tel: 06-2331106 | Faks: 06-2313787